• 首页
  • 本馆介绍
  • 公告通知
  • 最新文献
  • 馆藏检索
  • 电子资源
  • 读者导购
  • 参考咨询
  • 我的图书馆
  • 登录
  • 详细信息显示
  • 放入我的书架
  • 预约/预借图书
  • 作者相关作品
  • 分类相关作品
  • 丛书相关作品
  • 出版社相关作品

书目信息

  • 表格格式
  • 工作单格式
  • 卡片格式
题名:
神秘的化学
    
 
作者: 冷晓红 编著
分册:  
出版信息: 南昌   江西高校出版社  2017.9
页数: 204页
开本: 24cm
丛书名:
单 册:
中图分类: G634.83
科图分类:
主题词: 中学化学课--课外读物
电子资源:
ISBN: 978-7-5493-4630-1
000 00968nam0 2200241 45
001 012001000815
005 20140912082709.0
010    @a978-7-5493-4630-1@dCNY25.004
100    @a20170901d2017 demy0chiy50 ea
101 0  @achi
102    @aCN@b360000
105    @aa z 000yy
106    @ar
200 1  @a神秘的化学@Ashen mi de hua xue@b专著@f冷晓红编著
210    @a南昌@c江西高校出版社@d2017.9
215    @a204页@c图@d24cm
300    @a课本背后的故事
330    @a本书是“课本背后的故事”中的一册,丛书共8册。 本书依据中学化学教材编著,分为“奇妙的化学”“物质结构的奥秘”“化学与生活用品”“化学与药品”“化学与饮食”“化学课本中的名人们”六个章节,发掘课本背后的有趣故事,体例明晰,可读性强,融趣味性、科学性为一体,既能帮助青少年补充课堂以外的知识,又能激发他们探索新知的兴趣。
606 0  @a中学化学课@j课外读物
690    @aG634.83@v5
701  0 @a冷晓红@Aleng xiao hong@4编著
801  0 @aCN@bBJSDL@c20211011
905    @b1332211-3@dG634.83@e2375@f3
    
    神秘的化学/冷晓红编著.-南昌:江西高校出版社,2017.9
    204页:图;24cm
    课本背后的故事
    
    ISBN 978-7-5493-4630-1:CNY25.004
    本书是“课本背后的故事”中的一册,丛书共8册。 本书依据中学化学教材编著,分为“奇妙的化学”“物质结构的奥秘”“化学与生活用品”“化学与药品”“化学与饮食”“化学课本中的名人们”六个章节,发掘课本背后的有趣故事,体例明晰,可读性强,融趣味性、科学性为一体,既能帮助青少年补充课堂以外的知识,又能激发他们探索新知的兴趣。
●
相关链接 在E读中查询图书 在五车中查询图书 在当当中查询图书 在豆瓣中查询图书


正题名:神秘的化学     索取号:G634.83/2375         预约/预借

序号 登录号 条形码 馆藏地/架位号 状态 备注
1 1332211   213322117   第一样本阅览室/ [索取号:G634.83/2375] 在馆    
2 1332212   213322126   第四借阅区/ [索取号:G634.83/2375] 在馆    
3 1332213   213322135   第四借阅区/ [索取号:G634.83/2375] 在馆    
唐山师范学院图书馆 欢迎您!
大连网信软件有限公司© 版权所有